| 000 | 003530000a22001330004500 | ||
|---|---|---|---|
| 005 | 20120302063019.0 | ||
| 942 | _cBOOK | ||
| 100 | _a BROUGHTON, THOMAS DURE | ||
| 245 | _a LETTERS FROM A MARATHA CAMP (1809) | ||
| 260 | _aLONDON : ARCHIBALD CONSTABLE & CO. ,1813 | ||
| 300 | _axvii; 273 P. | ||
| 040 | _aENG | ||
| 650 | _aHISTORY / MARATHA / LETTERS | ||
| 999 |
_c358302 _d358299 |
||